LDR 01345naa#a2200169#i#450# 001 RU\\bibl\122185 005 20260429162705.3 011 ## _a2074-1626 100 ## _a20260416b2026####ek#y0rusy0150####ca 102 ## _aRU 200 1# _aПРАВОВЫЕ ДЕФЕКТЫ В ДЕЯТЕЛЬНОСТИ СУДЕБНОЙ ВЛАСТИ: КОНСТИТУЦИОННО-ПРАВОВОЙ АСПЕКТ _eЖурнальная статья 210 1# _aСанкт-Петербург _cСанкт-Петербургский университет Государственной противопожарной службы Министерства Российской Федерации по делам гражданской обороны, чрезвычайным ситуациям и ликвидации последствий стихийных бедствий имени Героя Российской Федерации генерала армии Е.Н. Зиничева _d2026 215 ## _a8 с. 608 ## _aЖурнальная статья _2local 675 ## _aГосударственное право. Конституционное право. Административное право. 342 _aГражданское право. Судопроизводство. 347 _z 700 #1 _aВинокуров _gВладимир Анатольевич 856 4# _ajournals.igps.ru _u